[Event "Copenhagen Chess Challenge 2006"]
[Site "Skovlunde"]
[Date "2006.??.??"]
[Round "6"]
[White "Semcesen, Daniel"]
[Black "Miezis, Normunds"]
[Result "1-0"]
[WhiteElo "2195"]
[BlackElo "2496"]
[PlyCount "121"]
[EventDate "2006.??.??"]
[EventType "swiss"]
[EventRounds "9"]
[EventCountry "DEN"]

1. e4 c5 2. c3 d5 3. exd5 Qxd5 4. d4 e6 5. Nf3 Nf6 6. Be2 Be7 7. O-O O-O 8. c4
Qd8 9. dxc5 Bxc5 10. Nc3 Nc6 11. a3 a5 12. Bg5 h6 13. Bh4 b6 14. Qc2 Qc7 15.
Rfd1 Nh5 16. Bg5 f5 17. Be3 Bxe3 18. fxe3 Nf6 19. Nd5 exd5 20. cxd5 Qe7 21.
dxc6 Qxe3+ 22. Kh1 Ng4 23. Bc4+ Kh8 24. Rd2 Qc5 25. Bb3 Qxc2 26. Rxc2 Ba6 27.
h3 Ne3 28. Rc3 f4 29. Ne5 Rf5 30. Nd7 Re8 31. Bd1 Nd5 32. Bg4 Nxc3 33. Bxf5 Ne2
34. Bg4 Nd4 35. Rc1 Rc8 36. c7 Nb5 37. Rc6 h5 38. Bxh5 Rxc7 39. Rxb6 Rxd7 40.
Rxa6 Nd4 41. Bg6 Rd8 42. Rxa5 Kg8 43. Be4 Kf7 44. Rd5 Rxd5 45. Bxd5+ Ke7 46.
Kg1 Kd6 47. Bg8 g5 48. Kf2 Ke5 49. a4 Nc2 50. a5 Nb4 51. Bc4 Kd4 52. a6 Nc6 53.
b3 Kc5 54. Kf3 Kb6 55. Kg4 Ne5+ 56. Kxg5 f3 57. gxf3 Nxf3+ 58. Kf4 Nh4 59. Bd3
Ng2+ 60. Kg5 Ne1 61. Be4 1-0

[Event "Copenhagen Chess Challenge 2006"]
[Site "Skovlunde"]
[Date "2006.??.??"]
[Round "6"]
[White "Skovgaard, Peter Nicolai"]
[Black "Nilssen, John Arni"]
[Result "1-0"]
[WhiteElo "2197"]
[BlackElo "2356"]
[PlyCount "63"]
[EventDate "2006.??.??"]
[EventType "swiss"]
[EventRounds "9"]
[EventCountry "DEN"]

1. e4 c5 2. Nf3 Nc6 3. d4 cxd4 4. Nxd4 e5 5. Nb5 d6 6. N1c3 a6 7. Na3 b5 8. Nd5
Nge7 9. c4 Nd4 10. cxb5 Nxd5 11. exd5 Bd7 12. Be3 axb5 13. Bxd4 exd4 14. Bd3
Be7 15. O-O Rb8 16. Nc2 O-O 17. Nxd4 Qb6 18. Bf5 Be8 19. Rc1 Bf6 20. Nc6 Ra8
21. Qb3 Ra4 22. Bd3 Rh4 23. Qxb5 Qxb5 24. Bxb5 Bxb2 25. Rc2 Ba3 26. Re1 Kh8 27.
Rce2 Bd7 28. Re7 Bb4 29. Rb1 Be8 30. g3 Rh5 31. Rxb4 Rxd5 32. Rbe4 1-0

[Event "Copenhagen Chess Challenge 2006"]
[Site "Skovlunde"]
[Date "2006.??.??"]
[Round "6"]
[White "Skovgaard, Tom"]
[Black "Scherwin, Claes"]
[Result "1/2-1/2"]
[WhiteElo "2033"]
[BlackElo "1820"]
[PlyCount "115"]
[EventDate "2006.??.??"]
[EventType "swiss"]
[EventRounds "9"]
[EventCountry "DEN"]

1. e4 c5 2. Nf3 e6 3. d4 cxd4 4. Nxd4 Nf6 5. Bd3 Nc6 6. Nb3 d5 7. exd5 Nxd5 8.
a3 Bd6 9. O-O b6 10. f4 O-O 11. Qh5 f5 12. Bd2 Rf6 13. Nc3 Rh6 14. Qf3 Nce7 15.
Nxd5 Nxd5 16. c4 Nc7 17. Be2 Rb8 18. Qf2 Bb7 19. Bf3 Bxf3 20. Qxf3 Na6 21. Be3
Qe7 22. Rac1 Rc8 23. Qf2 Rf6 24. Rfe1 Rff8 25. Qe2 Rfe8 26. Nd2 Nc5 27. b4 Nd7
28. Nf3 e5 29. fxe5 Nxe5 30. Nxe5 Qxe5 31. g3 Qf6 32. Qf3 Re7 33. Qd5+ Qe6 34.
Qxe6+ Rxe6 35. Kf2 Kf7 36. Bd2 Rxe1 37. Kxe1 Ke6 38. Ke2 Be5 39. Rc2 Kf6 40.
Be3 g5 41. Kf3 g4+ 42. Kg2 Ke6 43. c5 bxc5 44. Bxc5 Rc7 45. Rd2 a6 46. h3 h5
47. hxg4 hxg4 48. Rd8 Rc6 49. Rd2 f4 50. gxf4 Bxf4 51. Rd3 a5 52. Rd8 axb4 53.
axb4 Bd6 54. Bxd6 Rxd6 55. Rg8 Rd4 56. b5 Rb4 57. b6 Kd6 58. Kg3 1/2-1/2

[Event "Copenhagen Chess Challenge 2006"]
[Site "Skovlunde"]
[Date "2006.??.??"]
[Round "6"]
[White "Nilsson, Sebastian"]
[Black "Tikkanen, Hans"]
[Result "1/2-1/2"]
[WhiteElo "2223"]
[BlackElo "2359"]
[PlyCount "170"]
[EventDate "2006.??.??"]
[EventType "swiss"]
[EventRounds "9"]
[EventCountry "DEN"]

1. e4 c5 2. Nf3 Nc6 3. d4 cxd4 4. Nxd4 Nf6 5. Nc3 e5 6. Ndb5 d6 7. Bg5 a6 8.
Na3 b5 9. Bxf6 gxf6 10. Nd5 f5 11. Bd3 Be6 12. O-O Bxd5 13. exd5 Ne7 14. c3 Bg7
15. Qh5 e4 16. Bc2 O-O 17. Rae1 Qc8 18. Bb3 a5 19. Qg5 Qb7 20. f3 h6 21. Qg3
Ng6 22. fxe4 f4 23. Qd3 Rab8 24. Kh1 Rfc8 25. Qd2 a4 26. Bd1 b4 27. cxb4 Qxb4
28. Qxb4 Rxb4 29. b3 Ne5 30. Bc2 axb3 31. axb3 Ra8 32. Nc4 Nxc4 33. bxc4 Rxc4
34. Bd3 Rd4 35. Be2 Rxe4 36. Bf3 Re3 37. Rb1 Ra7 38. Rb4 Be5 39. Rbb1 Kg7 40.
Rb5 Kg6 41. Rb4 Kg5 42. Rc4 h5 43. Rcc1 h4 44. h3 Kg6 45. Rc4 Ra5 46. Rb4 Ra2
47. Rc4 Rea3 48. Rb4 Ra1 49. Rbb1 Rxb1 50. Rxb1 Bd4 51. Rd1 Be3 52. Rb1 Kf5 53.
Rd1 Ke5 54. Rb1 f5 55. Rd1 Ra4 56. Rb1 Re4 57. Rd1 Bd4 58. Rf1 Bc5 59. Rd1 Be3
60. Bh5 Bd4 61. Bf7 Re3 62. Rf1 Ra3 63. Re1+ Be3 64. Rd1 f3 65. Bh5 f2 66. g3
hxg3 67. Kg2 Bd4 68. Bf3 f4 69. h4 Ra1 70. Rxa1 Bxa1 71. Kf1 Kf5 72. Ke2 Bd4
73. Kf1 Bf6 74. h5 Kg5 75. Kg2 Bh8 76. Kf1 Bg7 77. Kg2 Kh4 78. Be2 f3+ 79. Bxf3
Kg5 80. Kf1 Kf4 81. Bh1 Kg4 82. Bg2 Kxh5 83. Bf3+ Kh4 84. Bg2 Kg4 85. Be4 Kf4
1/2-1/2

[Event "Copenhagen Chess Challenge 2006"]
[Site "Skovlunde"]
[Date "2006.??.??"]
[Round "7"]
[White "Carstensen, Jacob"]
[Black "Ivanov, Mikhail"]
[Result "1/2-1/2"]
[WhiteElo "2278"]
[BlackElo "2443"]
[PlyCount "120"]
[EventDate "2006.??.??"]
[EventType "swiss"]
[EventRounds "9"]
[EventCountry "DEN"]

1. d4 g6 2. c4 Bg7 3. Nf3 d6 4. g3 Nd7 5. Bg2 e5 6. e4 Ne7 7. O-O O-O 8. Nc3
exd4 9. Nxd4 Nc6 10. Nxc6 bxc6 11. Qc2 Ne5 12. c5 g5 13. cxd6 cxd6 14. Bxg5
Qxg5 15. f4 Qh6 16. fxe5 Bxe5 17. Rad1 Rb8 18. Qd2 Qxd2 19. Rxd2 Be6 20. Rc2 a5
21. b3 Rb4 22. Ne2 c5 23. Nf4 Bd4+ 24. Kh1 a4 25. Nxe6 fxe6 26. Rxf8+ Kxf8 27.
Rc4 axb3 28. Rxb4 bxa2 29. Ra4 a1=R+ 30. Rxa1 Bxa1 31. Kg1 Ke7 32. Kf2 Kf6 33.
Ke3 Ke5 34. Bf1 Bd4+ 35. Kd3 d5 36. exd5 exd5 37. h4 Bf2 38. h5 Bxg3 39. Kc3
Be1+ 40. Kc2 c4 41. Bg2 Bb4 42. Bf3 h6 43. Bg2 Be7 44. Bf3 Bf6 45. Bg2 Kd4 46.
Bf3 Kc5 47. Bg2 d4 48. Bf1 Bd8 49. Be2 Bb6 50. Bf1 Kd5 51. Be2 d3+ 52. Bxd3
cxd3+ 53. Kxd3 Ke5 54. Ke2 Kf4 55. Kf1 Kf3 56. Ke1 Kg4 57. Kf1 Kg3 58. Ke2 Kg2
59. Ke1 Kf3 60. Kf1 Bf2 1/2-1/2

[Event "Copenhagen Chess Challenge 2006"]
[Site "Skovlunde"]
[Date "2006.??.??"]
[Round "7"]
[White "Hansen, Alexei"]
[Black "Nielsen, Jan Mose"]
[Result "1-0"]
[WhiteElo "2104"]
[BlackElo "2101"]
[PlyCount "45"]
[EventDate "2006.??.??"]
[EventType "swiss"]
[EventRounds "9"]
[EventCountry "DEN"]

1. e4 c5 2. Nf3 Nc6 3. d4 cxd4 4. Nxd4 e5 5. Nb5 d6 6. N1c3 a6 7. Na3 b5 8. Nd5
Nge7 9. c4 Nxd5 10. exd5 Nd4 11. cxb5 Bd7 12. Be3 Nxb5 13. Nc4 f5 14. a4 Na7
15. f4 h5 16. Be2 Qh4+ 17. g3 Qf6 18. Bxh5+ g6 19. Be2 Bg7 20. O-O Kf7 21. Qd2
Nc8 22. fxe5 dxe5 23. Bg5 1-0

[Event "Copenhagen Chess Challenge 2006"]
[Site "Skovlunde"]
[Date "2006.??.??"]
[Round "7"]
[White "Miezis, Normunds"]
[Black "Rosenkilde, Alexander"]
[Result "1-0"]
[WhiteElo "2496"]
[BlackElo "2031"]
[PlyCount "52"]
[EventDate "2006.??.??"]
[EventType "swiss"]
[EventRounds "9"]
[EventCountry "DEN"]

1. c4 Nf6 2. Nc3 e6 3. e4 d6 4. g3 c5 5. Bg2 Nc6 6. Nge2 g6 7. a3 Bg7 8. b4
cxb4 9. axb4 O-O 10. b5 Ne7 11. d4 e5 12. dxe5 dxe5 13. Ba3 Qxd1+ 14. Rxd1 Re8
15. O-O Bf8 16. Bd6 Nd7 17. c5 a6 18. Ra1 f6 19. f4 Kg7 20. fxe5 Nxe5 21. Nd4
Bd7 22. bxa6 bxa6 23. Nd5 Nxd5 24. Bxf8+ Rxf8 25. exd5 Bb5 26. Rfb1 Kf7 1-0

[Event "Copenhagen Chess Challenge 2006"]
[Site "Skovlunde"]
[Date "2006.??.??"]
[Round "7"]
[White "Nilssen, John Arni"]
[Black "Semcesen, Daniel"]
[Result "1/2-1/2"]
[WhiteElo "2356"]
[BlackElo "2195"]
[PlyCount "38"]
[EventDate "2006.??.??"]
[EventType "swiss"]
[EventRounds "9"]
[EventCountry "DEN"]

1. d4 d5 2. c4 c6 3. Nc3 Nf6 4. e3 a6 5. Nf3 Bf5 6. Qb3 Ra7 7. a4 h6 8. cxd5
cxd5 9. Ne5 e6 10. Be2 Bd6 11. f4 O-O 12. O-O Ne4 13. Nxe4 Bxe4 14. Bd2 f6 15.
Nd3 Nc6 16. Nf2 Bg6 17. Rac1 Qe7 18. Bf3 Raa8 19. Bc3 Rac8 1/2-1/2

[Event "Copenhagen Chess Challenge 2006"]
[Site "Skovlunde"]
[Date "2006.??.??"]
[Round "7"]
[White "Tikkanen, Hans"]
[Black "Skovgaard, Peter Nicolai"]
[Result "1-0"]
[WhiteElo "2359"]
[BlackElo "2197"]
[PlyCount "95"]
[EventDate "2006.??.??"]
[EventType "swiss"]
[EventRounds "9"]
[EventCountry "DEN"]

1. d4 Nf6 2. c4 c5 3. d5 e6 4. Nc3 exd5 5. cxd5 d6 6. e4 g6 7. f4 Bg7 8. Bb5+
Nbd7 9. e5 dxe5 10. fxe5 Nh5 11. e6 Qh4+ 12. g3 Nxg3 13. hxg3 Qxh1 14. Be3
Bxc3+ 15. bxc3 a6 16. exd7+ Bxd7 17. Bxd7+ Kxd7 18. Qg4+ f5 19. Qf3 Qxf3 20.
Nxf3 Rhe8 21. Kd2 Re4 22. Ng5 Re5 23. c4 b5 24. Bf4 Re7 25. d6 Ree8 26. Nxh7
Re6 27. Ng5 Rxd6+ 28. Bxd6 Kxd6 29. Re1 bxc4 30. Kc3 Rb8 31. Nf7+ Kd5 32. Ne5
Re8 33. Rd1+ Ke4 34. Nxg6 Kf3 35. Nh4+ Kg4 36. Rf1 f4 37. Rxf4+ Kxg3 38. Rxc4
Re5 39. Ng6 Re3+ 40. Kc2 Re2+ 41. Kb3 Re6 42. Nf4 Re3+ 43. Kc2 Kf3 44. Nd5 Re2+
45. Kb3 a5 46. a4 Rd2 47. Rxc5 Rd3+ 48. Rc3 1-0

[Event "Copenhagen Chess Challenge 2006"]
[Site "Skovlunde"]
[Date "2006.??.??"]
[Round "7"]
[White "Kaaber Hansen, Jacob"]
[Black "Skovgaard, Tom"]
[Result "1-0"]
[WhiteElo "2134"]
[BlackElo "2033"]
[PlyCount "93"]
[EventDate "2006.??.??"]
[EventType "swiss"]
[EventRounds "9"]
[EventCountry "DEN"]

1. e4 Nf6 2. e5 Nd5 3. d4 d6 4. Nf3 g6 5. c4 Nb6 6. Nc3 Bg7 7. Be2 O-O 8. O-O
Nc6 9. exd6 cxd6 10. Be3 Bg4 11. b3 d5 12. c5 Nc8 13. h3 Bxf3 14. Bxf3 e6 15.
Qd2 N8e7 16. Rad1 Nf5 17. Ne2 Nh4 18. Bg4 f5 19. Bg5 Bf6 20. Bxh4 Bxh4 21. Bf3
Bf6 22. b4 a6 23. a4 g5 24. g3 Qe8 25. Ra1 h5 26. Bg2 f4 27. Ra3 Qg6 28. Rfa1
Bg7 29. Rd3 Nxb4 30. Rf3 Nc6 31. Qb2 e5 32. gxf4 gxf4 33. Kh1 Rab8 34. Rd1 Qg5
35. dxe5 Bxe5 36. Qb3 Kh8 37. Rxd5 Ne7 38. Rd1 Bc7 39. Qc3+ Qf6 40. Qxf6+ Rxf6
41. Rd7 Re6 42. Rxc7 Rxe2 43. Rxf4 Kg8 44. Be4 Rf8 45. Rxe7 Rxf4 46. Bd5+ Kf8
47. Rxe2 1-0

[Event "Copenhagen Chess Challenge 2006"]
[Site "Skovlunde"]
[Date "2006.??.??"]
[Round "7"]
[White "Nilsson, Sebastian"]
[Black "Smith, Axel"]
[Result "1/2-1/2"]
[WhiteElo "2223"]
[BlackElo "2105"]
[PlyCount "53"]
[EventDate "2006.??.??"]
[EventType "swiss"]
[EventRounds "9"]
[EventCountry "DEN"]

1. e4 e6 2. d4 d5 3. Nc3 dxe4 4. Nxe4 Bd7 5. Nf3 Bc6 6. Bd3 Nd7 7. O-O Ngf6 8.
Ng3 Bxf3 9. Qxf3 c6 10. c3 Bd6 11. Re1 O-O 12. Bg5 Be7 13. Nf1 Re8 14. Bh4 Nf8
15. Rad1 Qd5 16. Qxd5 cxd5 17. c4 dxc4 18. Bxc4 Ng6 19. Bg3 Red8 20. Ne3 Bb4
21. Re2 Rdc8 22. Bb3 Ne7 23. Bh4 Ned5 24. Bxf6 Nxf6 25. d5 exd5 26. Nxd5 Nxd5
27. Bxd5 1/2-1/2

[Event "Copenhagen Chess Challenge 2006"]
[Site "Skovlunde"]
[Date "2006.??.??"]
[Round "7"]
[White "Scherwin, Claes"]
[Black "Tandrup, Michael"]
[Result "0-1"]
[WhiteElo "1820"]
[BlackElo "2021"]
[PlyCount "188"]
[EventDate "2006.??.??"]
[EventType "swiss"]
[EventRounds "9"]
[EventCountry "DEN"]

1. e4 c6 2. d4 d5 3. e5 Bf5 4. Nc3 h6 5. Nf3 e6 6. a3 c5 7. Be3 cxd4 8. Nxd4
Ne7 9. Ncb5 Nec6 10. Nxf5 exf5 11. Qxd5 Qxd5 12. Nc7+ Kd7 13. Nxd5 Nxe5 14.
O-O-O Bd6 15. Bf4 Nbc6 16. Bb5 Rhe8 17. Rhe1 f6 18. Bxh6 Rg8 19. Bf4 Rad8 20.
Nb4 Kc7 21. Nxc6 bxc6 22. Ba4 Nd3+ 23. Rxd3 Bxf4+ 24. Kd1 Rxd3+ 25. cxd3 Be5
26. Kc2 Rh8 27. h3 Rh4 28. Bb3 Kd6 29. Re2 g5 30. Bc4 g4 31. b4 gxh3 32. gxh3
Rxh3 33. Re3 Rh2 34. Rf3 f4 35. Kb3 c5 36. Ka4 Rh4 37. Kb5 cxb4 38. axb4 Bd4
39. Bf7 Ke5 40. Kc4 Rh7 41. Bg6 Rh6 42. Bf7 f5 43. b5 Rh2 44. Bd5 Rh7 45. Bc6
Rh8 46. Bb7 Rh7 47. Bc6 Rc7 48. Kb4 a6 49. Be8 axb5 50. Bxb5 Rc2 51. Ba4 Rxf2
52. Bc6 Rb2+ 53. Ka4 Kd6 54. Rxf4 Be3 55. Rf3 Kxc6 56. Rxe3 Kd5 57. Rf3 Ke5 58.
Ka3 Rb8 59. Ka4 f4 60. Ka3 Kf5 61. Rf1 Kg4 62. Rg1+ Kf3 63. Rg7 Ke3 64. Rf7 f3
65. d4 f2 66. Ka2 Rd8 67. Re7+ Kxd4 68. Rf7 Ke3 69. Re7+ Kf3 70. Rf7+ Kg2 71.
Rg7+ Kf1 72. Kb2 Re8 73. Kc2 Ke1 74. Rf7 f1=Q 75. Rxf1+ Kxf1 76. Kd2 Re7 77.
Kd3 Kf2 78. Kd4 Kf3 79. Kd5 Kf4 80. Kd6 Re1 81. Kd5 Re2 82. Kd6 Kf5 83. Kd7 Re6
84. Kc7 Ke5 85. Kd7 Rh6 86. Kc7 Kd5 87. Kb7 Kc5 88. Kc7 Rh7+ 89. Kd8 Kc6 90.
Ke8 Kd6 91. Kf8 Ke6 92. Kg8 Ra7 93. Kf8 Rb7 94. Kg8 Kf6 0-1

[Event "Copenhagen Chess Challenge 2006"]
[Site "Skovlunde"]
[Date "2006.??.??"]
[Round "7"]
[White "Akdag, Dara Sevkan"]
[Black "Wiecker, Stefan"]
[Result "1-0"]
[WhiteElo "1940"]
[BlackElo "2039"]
[PlyCount "97"]
[EventDate "2006.??.??"]
[EventType "swiss"]
[EventRounds "9"]
[EventCountry "DEN"]

1. d4 Nf6 2. c4 g6 3. g3 Bg7 4. Bg2 O-O 5. Nf3 d6 6. Nc3 Nc6 7. e4 Bg4 8. Be3
e5 9. d5 Nd4 10. h3 Nxf3+ 11. Bxf3 Bc8 12. Qd2 a6 13. Bh6 Bxh6 14. Qxh6 b5 15.
cxb5 axb5 16. Nxb5 Rb8 17. Na7 Rxb2 18. Nc6 Qe8 19. O-O Bd7 20. Rfc1 Bxc6 21.
Rxc6 Qb8 22. Qc1 Nd7 23. Rc2 Rb4 24. a3 Rb3 25. Be2 Nc5 26. Bc4 Rb7 27. f3 Qa7
28. Kg2 Qa4 29. Rc3 Rfb8 30. Ra2 Kf8 31. Qc2 Ke7 32. Kf2 Qa7 33. Ke2 Rb1 34. f4
Rh1 35. Kf3 Rbb1 36. Bd3 Rbc1 37. Qd2 Nxd3 38. Rxd3 Rcf1+ 39. Kg4 h5+ 40. Kg5
exf4 41. e5 Kf8 42. exd6 cxd6 43. Qc3 Qe7+ 44. Kh6 Qe5 45. Qxe5 dxe5 46. d6 Rd1
47. Rc2 f6 48. Kxg6 Rc1 49. Rxc1 1-0

[Event "Copenhagen Chess Challenge 2006"]
[Site "Skovlunde"]
[Date "2006.??.??"]
[Round "8"]
[White "Skovgaard, Peter Nicolai"]
[Black "Carstensen, Jacob"]
[Result "1/2-1/2"]
[WhiteElo "2197"]
[BlackElo "2278"]
[PlyCount "36"]
[EventDate "2006.??.??"]
[EventType "swiss"]
[EventRounds "9"]
[EventCountry "DEN"]

1. e4 c5 2. Nf3 d6 3. d4 cxd4 4. Nxd4 Nf6 5. Nc3 a6 6. f3 e5 7. Nb3 Be6 8. Be3
Be7 9. Qd2 O-O 10. O-O-O b5 11. g4 Nbd7 12. g5 b4 13. Ne2 Ne8 14. Ng3 a5 15.
Kb1 a4 16. Nc1 Qb8 17. Nf5 Bd8 18. Nxd6 b3 1/2-1/2

[Event "Copenhagen Chess Challenge 2006"]
[Site "Skovlunde"]
[Date "2006.??.??"]
[Round "8"]
[White "Nilssen, John Arni"]
[Black "Glud, Jakob Vang"]
[Result "0-1"]
[WhiteElo "2356"]
[BlackElo "2421"]
[PlyCount "76"]
[EventDate "2006.??.??"]
[EventType "swiss"]
[EventRounds "9"]
[EventCountry "DEN"]

1. d4 d5 2. c4 c6 3. Nc3 Nf6 4. Nf3 a6 5. c5 g6 6. Bf4 Nh5 7. e3 Nd7 8. Bg5 Bg7
9. Be2 h6 10. Bh4 g5 11. Bg3 Nxg3 12. hxg3 e5 13. Qc2 e4 14. Nd2 O-O 15. g4 Nf6
16. f3 Re8 17. O-O-O exf3 18. gxf3 Rxe3 19. Nf1 Re7 20. Na4 Be6 21. Bd3 Qc7 22.
Qh2 Qa5 23. Bc2 Rae8 24. Ng3 Qc7 25. Qg2 Qf4+ 26. Kb1 Bd7 27. Nc3 Re3 28. Rhf1
Nxg4 29. Nce2 Rxe2 30. Nxe2 Qh2 31. Qxh2 Nxh2 32. Rf2 Nxf3 33. Rxf3 Rxe2 34.
Rdf1 Re7 35. Rd3 Bc8 36. Bd1 f5 37. Bh5 f4 38. Bg6 Bf6 0-1

[Event "Copenhagen Chess Challenge 2006"]
[Site "Skovlunde"]
[Date "2006.??.??"]
[Round "8"]
[White "Akdag, Dara Sevkan"]
[Black "Kaaber Hansen, Jacob"]
[Result "1/2-1/2"]
[WhiteElo "1940"]
[BlackElo "2134"]
[PlyCount "59"]
[EventDate "2006.??.??"]
[EventType "swiss"]
[EventRounds "9"]
[EventCountry "DEN"]

1. d4 Nf6 2. c4 e6 3. Nc3 Bb4 4. a3 Bxc3+ 5. bxc3 b6 6. f3 Bb7 7. e4 d6 8. Bd3
O-O 9. Ne2 Nc6 10. O-O Ba6 11. Bg5 h6 12. Bh4 e5 13. f4 exf4 14. Bxf6 Qxf6 15.
Rxf4 Qg5 16. Qa4 Na5 17. Raf1 Rad8 18. Ng3 g6 19. R1f3 Qe7 20. Qd1 Bxc4 21. Nf5
gxf5 22. Rg3+ Kh7 23. Qh5 Bxd3 24. Qxf5+ Kh8 25. Rh3 Qe6 26. Qg5 Qg6 27. Rxh6+
Kg7 28. Rxg6+ fxg6 29. Qe7+ Kg8 30. Qe6+ 1/2-1/2

[Event "Copenhagen Chess Challenge 2006"]
[Site "Skovlunde"]
[Date "2006.??.??"]
[Round "8"]
[White "Hansen, Alexei"]
[Black "Miezis, Normunds"]
[Result "0-1"]
[WhiteElo "2104"]
[BlackElo "2496"]
[PlyCount "112"]
[EventDate "2006.??.??"]
[EventType "swiss"]
[EventRounds "9"]
[EventCountry "DEN"]

1. e4 c5 2. Nf3 e6 3. d4 cxd4 4. Nxd4 a6 5. Bd3 Nc6 6. Nxc6 bxc6 7. O-O d5 8.
Nc3 Nf6 9. Re1 d4 10. Nb1 e5 11. Bg5 h6 12. Bxf6 Qxf6 13. Nd2 Bd6 14. Nc4 Bc7
15. c3 dxc3 16. bxc3 O-O 17. Rb1 Qg5 18. Ne3 g6 19. Qf3 Kg7 20. Qg3 Rd8 21.
Red1 Qf4 22. Nf5+ Kf6 23. Qxf4 exf4 24. Nd4 Bd7 25. Kf1 Ra7 26. Ke2 Re8 27. Rd2
Re7 28. f3 Kg7 29. Rdb2 c5 30. Rb7 Rxb7 31. Rxb7 Bd6 32. Rb6 Bc7 33. Rb7 Bd8
34. Nc2 c4 35. Bxc4 Bb5 36. Rxb5 axb5 37. Bxb5 f5 38. Bc6 Ba5 39. Kd3 Re5 40.
Kd4 Bxc3+ 41. Kxc3 Rc5+ 42. Kd3 Rxc6 43. e5 Rc5 44. a4 Ra5 45. Kd4 Kf7 46. Kc4
Rxa4+ 47. Kd5 Ke7 48. Nd4 Ra5+ 49. Kc4 Kd7 50. Nb5 g5 51. Kb4 Ra2 52. Nd4 Rxg2
53. Kc5 Rxh2 54. Kd5 Rd2 55. e6+ Ke7 56. Ke5 Rxd4 0-1

[Event "Copenhagen Chess Challenge 2006"]
[Site "Skovlunde"]
[Date "2006.??.??"]
[Round "8"]
[White "Semcesen, Daniel"]
[Black "Nilsson, Sebastian"]
[Result "0-1"]
[WhiteElo "2195"]
[BlackElo "2223"]
[PlyCount "36"]
[EventDate "2006.??.??"]
[EventType "swiss"]
[EventRounds "9"]
[EventCountry "DEN"]

1. c4 c5 2. g3 e6 3. Bg2 Nf6 4. Nf3 d5 5. b3 Nc6 6. O-O Be7 7. cxd5 exd5 8. d4
Ne4 9. Bb2 Bf6 10. Na3 O-O 11. Rc1 Qa5 12. e3 Bg4 13. Re1 Ng5 14. Rxc5 Nxf3+
15. Bxf3 Bxf3 16. Rxa5 Bxd1 17. Rxd5 Bf3 18. Rd7 Nb4 0-1

[Event "Copenhagen Chess Challenge 2006"]
[Site "Skovlunde"]
[Date "2006.??.??"]
[Round "8"]
[White "Skovgaard, Tom"]
[Black "Rosenkilde, Alexander"]
[Result "0-1"]
[WhiteElo "2033"]
[BlackElo "2031"]
[PlyCount "72"]
[EventDate "2006.??.??"]
[EventType "swiss"]
[EventRounds "9"]
[EventCountry "DEN"]

1. e4 c5 2. Nf3 Nc6 3. d4 cxd4 4. Nxd4 Nf6 5. Nc3 e5 6. Nf5 d5 7. exd5 Bxf5 8.
dxc6 bxc6 9. Qf3 Qd7 10. Bg5 e4 11. Qe2 Bb4 12. Bxf6 gxf6 13. Qe3 Rd8 14. Be2
Qe7 15. Rd1 Rxd1+ 16. Bxd1 Rg8 17. Kf1 Qd6 18. Bf3 Bxc3 19. bxc3 Qe6 20. Bd1
Qxa2 21. Qf4 Qd5 22. Qb8+ Qd8 23. Qxd8+ Kxd8 24. Bh5 Be6 25. f4 Kc7 26. Kf2 a5
27. Ra1 Ra8 28. Ra4 f5 29. Be2 c5 30. Bb5 Kb6 31. c4 Rd8 32. Ke3 Rd1 33. Ra3
Rg1 34. Kf2 Rc1 35. Ra2 Rb1 36. Ke3 Rxb5 0-1

[Event "Copenhagen Chess Challenge 2006"]
[Site "Skovlunde"]
[Date "2006.??.??"]
[Round "8"]
[White "Nielsen, Jan Mose"]
[Black "Scherwin, Claes"]
[Result "1-0"]
[WhiteElo "2101"]
[BlackElo "1820"]
[PlyCount "67"]
[EventDate "2006.??.??"]
[EventType "swiss"]
[EventRounds "9"]
[EventCountry "DEN"]

1. e4 c5 2. Nf3 e6 3. d4 cxd4 4. Nxd4 Nc6 5. Nc3 Nf6 6. Ndb5 d6 7. Bf4 e5 8.
Bg5 a6 9. Na3 Be6 10. Nd5 Bxd5 11. Bxf6 Qxf6 12. Qxd5 Be7 13. c3 O-O 14. Nc2
Rac8 15. Ne3 Rc7 16. Be2 Nd8 17. Qd2 Qg6 18. h4 Rd7 19. Bf3 Ne6 20. Rh3 Qh6 21.
Qc2 g6 22. O-O-O Nf4 23. Rh2 Rfd8 24. Kb1 Qg7 25. h5 Bf8 26. hxg6 fxg6 27. Bg4
Re7 28. g3 Ne6 29. Qb3 Qf7 30. Nd5 Ree8 31. f4 Bg7 32. f5 Nc5 33. Qc2 Qd7 34.
Rxh7 1-0

[Event "Copenhagen Chess Challenge 2006"]
[Site "Skovlunde"]
[Date "2006.??.??"]
[Round "8"]
[White "Ivanov, Mikhail"]
[Black "Tikkanen, Hans"]
[Result "1-0"]
[WhiteElo "2443"]
[BlackElo "2359"]
[PlyCount "86"]
[EventDate "2006.??.??"]
[EventType "swiss"]
[EventRounds "9"]
[EventCountry "DEN"]

1. d4 g6 2. Nf3 Bg7 3. g3 c5 4. d5 d6 5. Bg2 Nf6 6. O-O Na6 7. Nc3 Nc7 8. a4
O-O 9. h3 Rb8 10. e4 a6 11. e5 dxe5 12. Nxe5 Nfxd5 13. Nxf7 Rxf7 14. Nxd5 Nxd5
15. Bxd5 e6 16. Bg2 Qxd1 17. Rxd1 Bd4 18. Rd2 Bd7 19. c3 Be5 20. Re2 Bc7 21.
Be3 b6 22. h4 Kg7 23. a5 Bb5 24. Rd2 Bc4 25. axb6 Bxb6 26. Ra4 Bb5 27. Re4 Bd7
28. Bh3 c4 29. Bxb6 Rxb6 30. Rxc4 Bb5 31. Rc8 Kf6 32. Bf1 Rd7 33. Rxd7 Bxd7 34.
Rc7 Rd6 35. c4 Rd1 36. Kg2 Rd2 37. g4 h6 38. b4 e5 39. Ra7 Bxg4 40. Rxa6+ Kf5
41. Ra5 Kf4 42. b5 Rb2 43. c5 g5 1-0

[Event "Copenhagen Chess Challenge 2006"]
[Site "Skovlunde"]
[Date "2006.??.??"]
[Round "8"]
[White "Tandrup, Michael"]
[Black "Wiecker, Stefan"]
[Result "0-1"]
[WhiteElo "2021"]
[BlackElo "2039"]
[PlyCount "136"]
[EventDate "2006.??.??"]
[EventType "swiss"]
[EventRounds "9"]
[EventCountry "DEN"]

1. d4 Nf6 2. c4 g6 3. Nf3 Bg7 4. g3 O-O 5. Bg2 d6 6. O-O Nc6 7. Nc3 Bd7 8. e4
e5 9. Re1 Re8 10. h3 Nxd4 11. Nxd4 exd4 12. Nb5 Be6 13. b3 Qd7 14. Kh2 c5 15.
Nxd6 Qxd6 16. e5 Ng4+ 17. hxg4 Bxe5 18. Bxb7 Rab8 19. Rxe5 Qxe5 20. Bf4 Qf6 21.
Bxb8 Qxf2+ 22. Bg2 Rxb8 23. Qf3 Qxf3 24. Bxf3 f6 25. Kg2 Kf7 26. Rh1 Kg7 27.
Re1 Kf7 28. Kf2 a5 29. Rh1 Kg7 30. Re1 Rb6 31. g5 h6 32. gxf6+ Kxf6 33. g4 Rb4
34. Rh1 a4 35. Bd1 axb3 36. axb3 Kg5 37. Kg3 Bxg4 38. Bxg4 Rxb3+ 39. Bf3 Rc3
40. Re1 Rxc4 41. Re6 Rc3 42. Kf2 Rc2+ 43. Kg3 Rc3 44. Kf2 Kf5 45. Re8 h5 46.
Be4+ Kf6 47. Rf8+ Kg7 48. Rc8 g5 49. Rc6 g4 50. Rg6+ Kf7 51. Rh6 Re3 52. Bd5+
Ke7 53. Rxh5 Kd6 54. Bg2 g3+ 55. Kf1 Re5 56. Rh6+ Re6 57. Rh5 Re5 58. Rh6+ Ke7
59. Rg6 d3 60. Rg7+ Ke6 61. Rg6+ Kf5 62. Rxg3 d2 63. Rf3+ Ke6 64. Bh3+ Ke7 65.
Rd3 Re1+ 66. Kf2 d1=Q 67. Rxd1 Rxd1 68. Ke2 Rd4 0-1

[Event "Copenhagen Chess Challenge 2006"]
[Site "Skovlunde"]
[Date "2006.??.??"]
[Round "9"]
[White "Rosenkilde, Alexander"]
[Black "Akdag, Dara Sevkan"]
[Result "0-1"]
[WhiteElo "2031"]
[BlackElo "1940"]
[PlyCount "78"]
[EventDate "2006.??.??"]
[EventType "swiss"]
[EventRounds "9"]
[EventCountry "DEN"]

1. d4 Nf6 2. c4 e6 3. Nf3 c5 4. g3 cxd4 5. Nxd4 Nc6 6. Bg2 Bb4+ 7. Nc3 d5 8.
O-O O-O 9. Nxc6 bxc6 10. Qa4 Bxc3 11. bxc3 Qc7 12. Rb1 Nd7 13. Bf4 Nb6 14. Qa5
Qb7 15. cxd5 cxd5 16. Be3 Qc6 17. Bc5 Re8 18. Rb4 Ba6 19. Bxb6 axb6 20. Rxb6
Bxe2 21. Rxc6 Rxa5 22. Rb1 Rxa2 23. Rc7 g6 24. h4 Bc4 25. Rbb7 Rf8 26. Bh3 Ra1+
27. Kh2 Re1 28. g4 Bf1 29. Bxf1 Rxf1 30. Kg3 Ra1 31. Kf4 Raa8 32. Kg5 Kg7 33.
Kf4 Rac8 34. Ke5 Rxc7 35. Rxc7 Ra8 36. h5 gxh5 37. gxh5 h6 38. f3 Ra4 39. c4
Rxc4 0-1

[Event "Copenhagen Chess Challenge 2006"]
[Site "Skovlunde"]
[Date "2006.??.??"]
[Round "9"]
[White "Scherwin, Claes"]
[Black "Hansen, Alexei"]
[Result "0-1"]
[WhiteElo "1820"]
[BlackElo "2104"]
[PlyCount "48"]
[EventDate "2006.??.??"]
[EventType "swiss"]
[EventRounds "9"]
[EventCountry "DEN"]

1. d4 d5 2. Nf3 Nf6 3. c4 e6 4. Nc3 Be7 5. Bf4 O-O 6. e3 Nbd7 7. Bd3 c5 8. cxd5
exd5 9. dxc5 Nxc5 10. Bc2 Qb6 11. Rb1 Rd8 12. O-O Bg4 13. h3 Bxf3 14. Qxf3 Qe6
15. Bc7 Re8 16. Bf5 Qc6 17. Be5 Nfe4 18. Bxe4 dxe4 19. Qg4 Bf8 20. Bd4 Nd3 21.
Rfd1 g6 22. Qg5 Bg7 23. Bxg7 Kxg7 24. Nxe4 Qxe4 0-1